Drawings of Albrecht Durer
Salvato in:
| Autore principale: | |
|---|---|
| Natura: | Libro |
| Lingua: | inglese |
| Pubblicazione: |
Nueva York
Dover
1970
|
| Serie: | Dover Art Collections
|
| Soggetti: | |
| Tags: |
Aggiungi Tag
Nessun Tag, puoi essere il primo ad aggiungerne!!
|
MARC
| LEADER | 00000nam a2200000 a 4500 | ||
|---|---|---|---|
| 001 | UCT3657 | ||
| 003 | CL-VaPUC | ||
| 008 | 961024e19700000US |||||||||||||||||eng|d | ||
| 082 | 0 | 4 | |a 741.092 |b WOL |2 21 |
| 100 | 0 | |a Wölfflin, Heinrich |e author |9 372590 | |
| 245 | 1 | 0 | |a Drawings of Albrecht Durer |
| 300 | |a 79 p | ||
| 942 | |c BK | ||
| 945 | |d 19961024 00:00:00 |a rleighto | ||
| 260 | |a Nueva York |b Dover |c 1970 | ||
| 600 | 0 | |a Durero, Alberto |9 265606 | |
| 650 | 0 | |a Dibujos |9 264123 | |
| 650 | 0 | |a Artistas |9 262026 | |
| 650 | 7 | |a PINTORES ALEMANES |2 CL-VaPUC |9 341248 | |
| 650 | 0 | |a Obras de arte |9 337253 | |
| 583 | |a last modification |c 19961024 00:00:00 |k Rodrigo Vera | ||
| 490 | 0 | |a Dover Art Collections | |
| 999 | |c 253219 |d 253217 | ||
| 952 | |0 0 |1 0 |4 0 |6 741_092000000000000_WOL_1970 |7 0 |8 A |9 273876 |a BIBARQ |b BIBARQ |d 2019-11-19 |i 3244326 |o 741.092 WOL 1970 |p 3244326 |r 2025-01-20 |w 2019-11-19 |y BK |k ARQ | ||
| 952 | |0 0 |1 0 |4 0 |6 741_092000000000000_WOL_1970 |7 0 |8 R |9 273877 |a BIBART |b BIBART |d 2019-11-19 |i 1205617 |l 2 |o 741.092 WOL 1970 |p 1205617 |r 2025-03-13 |s 2022-08-30 |w 2019-11-19 |y BK_R |k ART | ||